000
00301nam a2200145Ia 4500
100
_a
Kumbhojkar / G.V
942
_c
BK
654
_a
mathematics I
245
_a
Applied Mathematics-I
260
_b
C Jamnadas & Co
_c
1999
082
_a
519
_b
KUM
300
_a
365
546
_a
ENGLISH
999
_c
21707
_d
21707